| 000 | 01129nam a2200241 a 4500 | ||
|---|---|---|---|
| 001 | 000037590 | ||
| 005 | 20200930080445.0 | ||
| 008 | 120918s2010 sp a e 000 0 spa d | ||
| 020 | _a9788449440861 (obra completa) | ||
| 040 |
_aDO-SdBNP _bspa _cBNPHU |
||
| 082 |
_aR 615.3203 _bB486g |
||
| 100 | 1 |
_aBerdonces Serra, Jose Luís _964058 |
|
| 245 | 1 | 0 |
_aGran enciclopedia de las plantas medicinales : _bde la A a la Z / _cJosé Luis Berdonces Serra ; prólogo Jorge R. Alonso ; edición Teo Gómez. |
| 260 |
_aBarcelona : _bOceano, _c2010. |
||
| 300 |
_a2v. : _bil. ; _c27 cm. |
||
| 505 | 0 |
_gv. 1 _tExpediciones botánicas -- _tIntroducción a la botánica descriptiva -- _tDiccionario de plantas medicinales, de la A a la J. -- _gv. 2: _tDiccionario de plantas medicinales, de la K a la Z -- _tÍndices -- _tbibliografías |
|
| 500 | _aLa biblioteca posee el v. 1 y 2 | ||
| 650 | 4 |
_aPlantas medicinales _xUso terapéutico _xEnciclopedias _964059 |
|
| 650 | 4 |
_aPlantas aromáticas _xEnciclopedias _964060 |
|
| 700 | 1 |
_aAlonso, Jorge R., _epról. _964061 |
|
| 700 | 1 | 2 |
_aGómez, Teo, _eed. _964062 |
| 910 | _aValidado. Control de calidad MFF | ||
| 999 |
_c37080 _d37080 |
||